| 000 | 00706nam a22002177a 4500 | ||
|---|---|---|---|
| 999 |
_c18991 _d18991 |
||
| 003 | AR-CdUCM | ||
| 008 | 190516b ||||| |||| 00| 0 spa d | ||
| 040 |
_aMUNICIPALIDAD PROVINCIAL DEL CUSCO _cBIBLIOTECA MUNICIPAL DEL CUSCO |
||
| 041 | _heng | ||
| 082 |
_a530.08 / _bEF27 |
||
| 100 |
_aEfron, Alexander _939994 |
||
| 245 | _aEl mundo del calor / | ||
| 260 |
_aBuenos Aires, _bBell, _c1971. |
||
| 300 |
_a87 páginas ; _c23 cm. |
||
| 505 | _aContenido: El calor y sus conceptos fundamentales -- Medición del calor -- Transmisión del calor... | ||
| 650 |
_aTemperatura _93339 |
||
| 650 |
_aFuentes de calor _939995 |
||
| 650 |
_aEnergia _915841 |
||
| 942 |
_2ddc _cLIBROS |
||
| 945 |
_adavv _d2019-05-16 |
||